000 00397nam a22001577a 4500
003 SGT
020 _a9789392544125
082 _a615.53
_bA23S
100 _aSRIKANT, NARAYANAM,ed
245 _aAGRO- TECHNIQUES OF SELECTED MEDICINE PLANTS
260 _aNEW DELHI
_bCCRAS
_c2023
300 _a88
650 _aAYURVEDA
653 _aAGRO,TECHNIQUES , SELECTED, MEDICINE, PLANTS
942 _2ddc
_cBK
999 _c34652
_d34652